| 000 | 00000nam##2200000za#4500 |
| 001 | 9.581266 |
| 003 | CaOODSP |
| 005 | 20210624191433 |
| 007 | cr ||||||||||| |
| 008 | 150406|2014||||xxc|||||o f|0| 0 eng|d |
| 020 | |a978-1-100-25418-0 |
| 022 | |a1710-5269 |
| 040 | |aCaOODSP|beng |
| 043 | |an-cn--- |
| 086 | 1 |aCS15-206/39-2014E-PDF |
| 245 | 03|aAn update on depreciation rates for the Canadian productivity accounts / |h[electronic resource]|cby John Baldwin, Huju Liu and Marc Tanguay. |
| 260 | |aOttawa - Ontario : |bStatistics Canada |cRelease date: January 26, 2015. |
| 300 | |a56p.|bfig., graphs, references, tables |
| 490 | 1 |aThe Canadian productivity review|x1710-5269|vNo. 39 |
| 590 | |a15-05|b2015-01-30 |
| 710 | 2 |aStatistics Canada. |
| 775 | 08|tUne mise à jour des taux d'amortissement pour les Comptes canadiens de productivité / |w(CaOODSP)9.608096 |
| 830 | #0|aThe Canadian productivity review,|x1710-5269|vNo. 39|w(CaOODSP)9.504776 |
| 856 | 40|ahttp://publications.gc.ca|qPDF|s645 KB|uhttps://publications.gc.ca/collections/collection_2015/statcan/15-206-x/15-206-x2015039-eng.pdf|yNo. 39 |